Most Rookie QB Rushing Yards Ever - Statistics

General Stats
  • This quiz has been taken 25 times
  • The average score is 18 of 32
Answer Stats
Team Yards Year QB % Correct
BAL 695 2018 Lamar Jackson
100%
CAR 706 2011 Cam Newton
95%
PHI 354 2020 Jalen Hurts
95%
BUF 631 2018 Josh Allen
95%
ARI 544 2019 Kyler Murray
91%
SEA 489 2012 Russell Wilson
91%
DEN 352 2024 Bo Nix
86%
CHI 442 2024 Caleb Williams
86%
LAC 234 2020 Justin Herbert
86%
ATL 289 2001 Michael Vick
86%
WAS 815 2012 Robert Griffin III
86%
NEP 389 2024 Drake Maye
77%
PIT 237 2022 Kenny Pickett
77%
CIN 152 2011 Andy Dalton
68%
JAX 419 2014 Blake Bortles
64%
MIN 308 1961 Fran Tarkenton
64%
NYJ 366 2013 Geno Smith
64%
NOS 171 1971 Archie Manning
59%
TBB 233 1985 Steve Young
59%
DAL 302 1989 Troy Aikman
59%
TEN 552 2006 Vince Young
59%
HOU 282 2002 David Carr
45%
CLE 419 2017 DeShone Kizer
36%
MIA 214 1980 David Woodley
14%
SFF 509 1961 Billy Kilmer
9%
LVR 123 1960 Tom Flores
9%
DET 365 1948 Fred Enke
5%
NYG 363 1955 Merle Hapes
5%
GBP 158 1950 Tobin Rote
5%
IND 301 1955 George Shaw
0%
KAN 264 1979 Steve Fuller
0%
LAR 236 1946 Tom Harmon
0%
No matching quizzes found
Score Distribution
Percent of People with Each Score
Percentile by Number Answered
Your Score History
You have not taken this quiz